Capitals That End in -Town - Statistics

General Stats
  • This quiz has been taken 43 times
  • The average score is 7 of 11
Answer Stats
Country/Territory Capital % Correct
Ascension Island Georgetown
97%
Cayman Islands George Town
97%
Guyana Georgetown
97%
Sierra Leone Freetown
94%
Barbados Bridgetown
91%
South Africa (Legislative) Cape Town
91%
Saint Vincent and the Grenadines Kingstown
83%
Saint Helena Jamestown
31%
Pitcairn Islands Adamstown
20%
British Virgin Islands Road Town
20%
Turks and Caicos Islands Cockburn Town
14%
No matching quizzes found
Score Distribution
Percent of People with Each Score
Percentile by Number Answered
Your Score History
You have not taken this quiz